000 00641nam a2200217 a 4500
001 19024
003 CO-ViMGA
008 141112s2004 ck r 000 u spa d
020 _a9706253165
040 _aCO-ViMGA
_bspa
_cCO-ViMGA
082 0 4 _a639.7546 C357l
110 _aCentro de Estudios Agropecuarios
_927261
245 1 0 _aLombricultura
260 _aMexico :
_bGrupo Editorial IberoAmérica; 2001
300 _a58 p.
490 _aAgronegocios
590 _aForma de adquisición : Proyecto 2005 - - Precio : 18.900 - - Ejemplares : 2
650 1 4 _aLOMBRICES DE TIERRA
_927262
650 1 4 _aLOMBRICULTURA
_95000
942 _2ddc
_cBK
999 _c28211
_d28211